Most Urbanized U.S. States - Statistics

General Stats
  • This quiz has been taken 42 times
  • The average score is 9 of 10
Answer Stats
% City % Correct
19.5 Maryland
100%
33.3 Massachusetts
98%
35.9 New Jersey
98%
28.8 Rhode Island
98%
34.1 Connecticut
93%
19.5 Delaware
93%
15.6 Pennsylvania
90%
16.0 Ohio
88%
14.9 Florida
80%
14.6 North Carolina
60%
No matching quizzes found
Score Distribution
Percent of People with Each Score
Percentile by Number Answered
Your Score History
You have not taken this quiz